Gaming Quiz

Random Gaming or Nintendo Quiz
Score 0/20 Timer 05:00
0 Plays Today
% Correct
Mario Kart 7
93.9%
Mario Golf World Tour
93.9%
Super Street Fighter IV 3D Edition
92.5%
Pokémon X
91.8%
Luigi's Mansion: Dark Moon
91.7%
Phoenix Wright: Ace Attorney − Dual Destinies
91.1%
Animal Crossing: New Leaf
91%
Super Mario 3D Land
89.6%
The Legend of Zelda: Ocarina of Time 3D
89.4%
Super Smash Bros. for Nintendo 3DS
88.8%
% Correct
Metroid: Samus Returns
88.3%
Kirby: Triple Deluxe
87.9%
Donkey Kong Country Returns 3D
86.3%
StarFox 64 3D
85.6%
Pushmo
82.9%
Kid Icarus: Uprising
81.5%
The Legend of Zelda: A Link Between Worlds
77.4%
Bravely Default
77.3%
New Super Mario Bros. 2
76.5%
Fire Emblem Awakening
75.9%
Remove Ads.
Support Sporcle.
Get the best of Sporcle when you Go Orange. This ad-free experience offers more features, more stats, and more fun while also helping to support Sporcle. Thank you for becoming a member.

You're not logged in!

Compare scores with friends on all Sporcle quizzes.
OR
Log In

Sporcle TV

Today on Sporcle TV


Watch our educational content, quiz creation guides, and fun videos on Sporcle TV.

Show Comments

Extras

Top Quizzes Today


Score Distribution

Paid Content

Your Account Isn't Verified!

In order to create a playlist on Sporcle, you need to verify the email address you used during registration. Go to your Sporcle Settings to finish the process.

Report this User

Report this user for behavior that violates our Community Guidelines.

Details: